| 000 | 00621cam a22002171 4500 | ||
|---|---|---|---|
| 001 | sa 66001542 | ||
| 003 | DLC | ||
| 005 | 20260227112223.0 | ||
| 008 | 861118s1965 ii b 000 0 eng | ||
| 010 | _asa 66001542 | ||
| 025 | _aPL480:I-E-5323 | ||
| 035 | _a(OCoLC)14763354 | ||
| 040 |
_aDLC _cWaU _dWaU _dDLC |
||
| 042 | _apremarc | ||
| 050 | 0 | 0 |
_aHC437.M3 _bN25 |
| 110 | 2 | _aNational Council of Applied Economic Research. | |
| 245 | 1 | 0 | _aIndustrial programmes for the fourth plan, Madras State. |
| 260 |
_aNew Delhi _c[1965] |
||
| 300 |
_axi, 360 p. _bmaps. _c24 cm. |
||
| 651 | 0 |
_aChennai (India) _xEconomic policy. |
|
| 999 |
_c67861 _d67861 |
||